000 00515nam a2200181Ia 4500
003 GCL
008 140319s9999 xx 000 0 ara d
040 _aGCL /
_cGCL
082 0 4 _a227
_bم ف
100 1 _aمحمد عبده
245 1 0 _aفاتحة الكتاب /
_cمحمد عبده
300 _a47 ص
490 _aالهيئة العامة للاستعلامات
_v0
650 0 4 _aالقران - تفسير
650 0 4 _aالقران - تفاسير
650 0 4 _aفاتحة الكتاب
942 _2ddc
_cBK
999 _c51007
_d51007